000 01146cam a2200241 4500
001 ##L135529
008 061106n2006 000 0 eng u
020 _a0110751914
035 _a(Sirsi) u135529
041 0 _aeng
050 0 4 _a549.66 $2 18
110 1 _aUnited Kingdom
_kLaws, etc
_95044
245 0 4 _aThe Control of Asbestos Regulations 2006
260 _aLondon
_bTSO
_c2006
490 0 _aSI
_v2006: 2739
520 _aCome into force on 13 November 2006, except Regulation 20(4) which shall come into force on 6 April 2007. Revoke and replace the Control of Asbestos at Work Regulations 2002 and revoke and re-enact, with modifications, the Asbestos (Licensing) Regulations 1983 as amended and the Asbestos (Prohibitions) Regulations 1992 as amended. Also implement several EC directives relating to asbestos.
590 _aIKA141106 NTK
650 2 4 _aCONTROL OF ASBESTOS REGULATIONS 2006
651 4 _aGREAT BRITAIN
690 _aMANAGEMENT-HEALTH AND SAFETY-HAZARDOUS SUBSTANCES-ASBESTOS
856 4 0 _uhttps://www.opsi.gov.uk/si/si2006/20062739.htm
_zView the Regulations free of charge at www.opsi.gov.uk...
942 _n0
999 _c106088
_d106088